[Event "Sochi ChessAmateur op"]
[Site "Sochi"]
[Date "2018.04.07"]
[Round "9"]
[White "Shadura, Aleksandr"]
[Black "Scerbin, Dmitrij"]
[Result "0-1"]
[WhiteElo "2032"]
[BlackElo "2295"]
[PlyCount "78"]
[EventDate "2018.04.01"]
[EventType "swiss"]
[EventRounds "9"]
[EventCountry "RUS"]
[SourceTitle "CBM 184 Extra"]
[Source "ChessBase"]
[SourceDate "2018.06.28"]
[SourceVersion "1"]
[SourceVersionDate "2018.06.28"]
[SourceQuality "1"]

1. d4 d5 2. c4 c6 3. Nf3 dxc4 4. e3 Be6 5. Nc3 b5 6. a4 b4 7. Ne4 Nf6 8. Ned2 c3 9. bxc3 bxc3 10. Nb1 Qa5 11. Qc2 Nd5 12. Ba3 Na6 13. Bxa6 Qxa6 14. Nxc3 Nxc3 15. Qxc3 Bd5 16. Nd2 Bxg2 17. Rg1 Bd5 18. e4 Be6 19. Rg5 f5 20. Nb3 Qc4 21. Qxc4 Bxc4 22. Na5 Bd3 23. exf5 Be4 24. Rc1 g6 25. fxg6 hxg6 26. Re5 Bf5 27. Nxc6 e6 28. Bxf8 Kxf8 29. Ra5 Rxh2 30. Rcc5 a6 31. Ne5 Kg7 32. Ke2 Rb8 33. Rc7+ Kh6 34. Rc3 Rb2+ 35. Ke3 Rhxf2 36. d5 Rbe2+ 37. Kd4 Re4+ 38. Kc5 Rxe5 39. Rxa6 Rxd5+ 0-1

[Event "Sochi ChessAmateur op"]
[Site "Sochi"]
[Date "2018.04.05"]
[Round "7"]
[White "Shadura, Aleksandr"]
[Black "Shapiyanov, Adam"]
[Result "1/2-1/2"]
[WhiteElo "2032"]
[BlackElo "1791"]
[PlyCount "71"]
[EventDate "2018.04.01"]
[EventType "swiss"]
[EventRounds "9"]
[EventCountry "RUS"]
[SourceTitle "CBM 184 Extra"]
[Source "ChessBase"]
[SourceDate "2018.06.28"]
[SourceVersion "1"]
[SourceVersionDate "2018.06.28"]
[SourceQuality "1"]

1. b3 Nf6 2. Bb2 d5 3. e3 e6 4. Nf3 c5 5. c4 Nc6 6. cxd5 exd5 7. Bb5 Be7 8. 0-0 0-0 9. d4 Bg4 10. dxc5 Bxc5 11. Qc2 Ne4 12. Bxc6 bxc6 13. Nd4 Qg5 14. Kh1 Bxd4 15. Bxd4 c5 16. Bb2 Bf5 17. Qc1 Qh4 18. Qe1 d4 19. Nd2 Rfe8 20. Nxe4 Rxe4 21. Qa5 Rc8 22. Rac1 dxe3 23. fxe3 Be6 24. Rxc5 Re8 25. Rg5 Rg4 26. Bf6 Rxg5 27. Qxg5 Qxg5 28. Bxg5 h6 29. Bf4 Rc8 30. e4 Rc2 31. Ra1 Re2 32. b4 Rxe4 33. Bd6 Re2 34. a4 Bd5 35. Rg1 Ra2 36. a5 1/2-1/2

[Event "Nevinnomyssk"]
[Site "Nevinnomyssk"]
[Date "2012.08.23"]
[Round "9"]
[White "Shadura, Aleksandr"]
[Black "Kozolup, Vadim"]
[Result "0-1"]
[WhiteElo "1978"]
[BlackElo "2083"]
[PlyCount "35"]
[EventDate "2012.08.15"]
[EventType "tourn"]
[EventRounds "9"]
[EventCountry "RUS"]
[SourceTitle "CBM 150 Extra"]
[Source "ChessBase"]
[SourceDate "2012.10.19"]
[SourceVersion "1"]
[SourceVersionDate "2012.10.19"]
[SourceQuality "1"]

1. d4 d5 2. Nf3 c6 3. c4 e6 4. g3 Nf6 5. Bg2 dxc4 6. Ne5 Bb4+ 7. Nc3 Nd5 8. Qc2 b5 9. 0-0 Bb7 10. a4 a6 11. Na2 Bd6 12. Nf3 0-0 13. Ng5 g6 14. Rd1 Be7 15. h4 Nd7 16. axb5 axb5 17. e4 Nb4 18. b3 0-1

[Event "Nevinnomyssk-ch"]
[Site "Nevinnomyssk"]
[Date "2011.12.19"]
[Round "3"]
[White "Shadura, Aleksandr"]
[Black "Rumiantseva, Ksenia"]
[Result "1/2-1/2"]
[WhiteElo "1909"]
[BlackElo "1985"]
[PlyCount "103"]
[EventDate "2011.12.18"]
[EventType "tourn"]
[EventRounds "13"]
[EventCountry "RUS"]
[SourceTitle "CBM 146 Extra"]
[Source "ChessBase"]
[SourceDate "2012.02.29"]
[SourceVersion "1"]
[SourceVersionDate "2012.02.29"]
[SourceQuality "1"]

1. a3 e5 2. c4 Nf6 3. Nc3 d5 4. cxd5 Nxd5 5. Nf3 Nc6 6. d3 f6 7. g3 Be6 8. Bg2 Qd7 9. Bd2 0-0-0 10. b4 Be7 11. Ne4 Kb8 12. Nc5 Bxc5 13. bxc5 Bh3 14. 0-0 h5 15. Qb3 h4 16. Rfb1 b6 17. Bh1 Nf4 18. Re1 hxg3 19. fxg3 Nd4 20. Nxd4 Qxd4+ 21. e3 Qxd3 22. Qxd3 Nxd3 23. cxb6 cxb6 24. Reb1 Bf5 25. Rf1 Be6 26. Rab1 Bd5 27. e4 Bb7 28. Be3 Rc8 29. Rfd1 Nc5 30. Rb4 Rhd8 31. Rxd8 Rxd8 32. Bxc5 Rd1+ 33. Kg2 bxc5 34. Rc4 f5 35. Rxc5 Bxe4+ 36. Kh3 Rxh1 37. Rxe5 g5 38. g4 fxg4+ 39. Kxg4 Rg1+ 40. Kh3 g4+ 41. Kh4 Bf3 42. Kg5 Rg2 43. Re8+ Kb7 44. Rh8 Rg1 45. Kf4 Ka6 46. h4 gxh3 47. Kxf3 Rb1 48. Kg4 Rb3 49. a4 Ka5 50. Rh7 a6 51. Rh6 h2 52. Kf5 1/2-1/2

[Event "Nevinnomyssk-ch"]
[Site "Nevinnomyssk"]
[Date "2011.12.18"]
[Round "1"]
[White "Kozolup, Vadim"]
[Black "Shadura, Aleksandr"]
[Result "0-1"]
[WhiteElo "2096"]
[BlackElo "1909"]
[PlyCount "107"]
[EventDate "2011.12.18"]
[EventType "tourn"]
[EventRounds "13"]
[EventCountry "RUS"]
[SourceTitle "CBM 146 Extra"]
[Source "ChessBase"]
[SourceDate "2012.02.29"]
[SourceVersion "1"]
[SourceVersionDate "2012.02.29"]
[SourceQuality "1"]

1. d4 d5 2. c4 e6 3. Nc3 Nf6 4. Nf3 Be7 5. Bf4 0-0 6. e3 Nbd7 7. Rc1 c5 8. Be2 cxd4 9. exd4 dxc4 10. Bxc4 Nb6 11. Bb3 Nbd5 12. Be5 b6 13. 0-0 Ba6 14. Re1 Nb4 15. Bc2 Nxc2 16. Rxc2 Bb7 17. Nb5 Nd5 18. a3 a6 19. Nc3 Rc8 20. Ne4 Rxc2 21. Qxc2 h6 22. Rc1 Qd7 23. Qd3 Rc8 24. Re1 Qa4 25. Bd6 Qc2 26. Qf1 Nf6 27. Re2 Qc1 28. Nxf6+ Bxf6 29. Be5 Bxf3 30. gxf3 Qg5+ 31. Kh1 Rc1 32. Re1 Rc2 33. Qxa6 Rxf2 34. Qa8+ Kh7 35. Qe4+ g6 36. Rg1 Qd2 37. Bg3 Re2 38. Qb7 Kg7 39. Qxb6 Bxd4 40. Qd8 Qd3 41. Rf1 Rxh2+ 42. Kxh2 Bg1+ 43. Rxg1 Qxd8 44. Be5+ f6 45. Bc3 Qd5 46. Kg3 h5 47. a4 g5 48. a5 h4+ 49. Kf2 Qc5+ 50. Kg2 Qb5 51. Re1 e5 52. Kf2 Kg6 53. Ra1 Qa6 54. Ra4 0-1

[Event "Doroshkevich Memorial op"]
[Site "Belorechensk"]
[Date "2009.05.30"]
[Round "8"]
[White "Lomakina, Galja"]
[Black "Shadura, Aleksandr"]
[Result "1-0"]
[WhiteElo "2089"]
[BlackElo "1862"]
[PlyCount "93"]
[EventDate "2009.05.23"]
[EventType "swiss"]
[EventRounds "9"]
[EventCountry "RUS"]
[SourceTitle "CBM 130 Extra"]
[Source "ChessBase"]
[SourceDate "2009.07.02"]
[SourceVersion "2"]
[SourceVersionDate "2009.07.15"]
[SourceQuality "1"]

1. c4 e5 2. Nc3 Nf6 3. Nf3 Nc6 4. g3 Bb4 5. Bg2 0-0 6. 0-0 Re8 7. Qc2 d6 8. d3 Bxc3 9. Qxc3 e4 10. Nd4 Bg4 11. Nxc6 bxc6 12. f3 exf3 13. exf3 Bf5 14. g4 Bc8 15. Bg5 Re5 16. f4 Rxg5 17. fxg5 Nxg4 18. Qd2 Ne5 19. b3 d5 20. Rae1 Ng6 21. Qf2 Be6 22. h4 Nf8 23. Qc5 Qd7 24. cxd5 Bxd5 25. Qe7 Qg4 26. Re4 Qg3 27. Qe5 Qxe5 28. Rxe5 Ng6 29. Re2 Bxg2 30. Rxg2 Nxh4 31. Rc2 Rd8 32. Rxc6 Rd7 33. Rf4 Ng6 34. Re4 h6 35. gxh6 gxh6 36. Ra4 h5 37. Rxa7 Rxd3 38. Rcxc7 Rf3 39. Rc2 h4 40. Rf2 Rg3+ 41. Kh2 Ne5 42. Rg2 Ng4+ 43. Kg1 f5 44. Rxg3 hxg3 45. Ra4 Ne3 46. Rf4 Kf7 47. Rf3 1-0

[Event "Doroshkevich Memorial op"]
[Site "Belorechensk"]
[Date "2009.05.27"]
[Round "5"]
[White "Shadura, Aleksandr"]
[Black "Kiriushin, Vladimir"]
[Result "0-1"]
[WhiteElo "1862"]
[BlackElo "2195"]
[PlyCount "64"]
[EventDate "2009.05.23"]
[EventType "swiss"]
[EventRounds "9"]
[EventCountry "RUS"]
[SourceTitle "CBM 130 Extra"]
[Source "ChessBase"]
[SourceDate "2009.07.02"]
[SourceVersion "2"]
[SourceVersionDate "2009.07.15"]
[SourceQuality "1"]

1. e4 e5 2. Nf3 Nc6 3. Bb5 a6 4. Ba4 Nf6 5. 0-0 Be7 6. Re1 d6 7. h3 0-0 8. c3 Re8 9. d4 exd4 10. cxd4 Bd7 11. Bg5 Nxe4 12. Bxe7 Rxe7 13. d5 Nb8 14. Bc2 Nf6 15. Rxe7 Qxe7 16. Nc3 c6 17. Qd3 g6 18. Re1 Qd8 19. Nh4 cxd5 20. Qg3 Be8 21. Nf5 Bc6 22. Ne7+ Kg7 23. Qg5 Nbd7 24. Nf5+ Kh8 25. Ne7 Ng8 26. Ncxd5 Bxd5 27. Qxd5 Nxe7 28. Qxd6 Nc6 29. Rd1 Nde5 30. Qc5 Qf6 31. Qc3 Kg7 32. g3 Nf3+ 0-1

[Event "Elista-B"]
[Site "Elista"]
[Date "2009.01.08"]
[Round "8"]
[White "Shadura, Aleksandr"]
[Black "Pilavov, Georgy"]
[Result "1/2-1/2"]
[WhiteElo "1849"]
[BlackElo "2618"]
[PlyCount "80"]
[EventDate "2009.01.03"]
[EventType "tourn"]
[EventRounds "10"]
[EventCountry "RUS"]
[SourceTitle "EXT 2010"]
[Source "ChessBase"]
[SourceDate "2010.11.25"]
[SourceVersion "1"]
[SourceVersionDate "2010.11.25"]
[SourceQuality "1"]

1. e4 c5 2. Nc3 Nc6 3. g3 g6 4. Bg2 Bg7 5. d3 d6 6. Nge2 Nh6 7. h3 f5 8. Be3 0-0 9. Qd2 Nf7 10. 0-0 Nd4 11. Rab1 e5 12. Nd5 Be6 13. Nec3 fxe4 14. dxe4 Bxh3 15. Bxd4 Bxg2 16. Bxe5 Bxf1 17. Bxg7 Kxg7 18. Rxf1 Qg5 19. Nf4 Rae8 20. Ncd5 Kg8 21. Qc3 Ne5 22. Kg2 Rf7 23. Nh3 Qd8 24. f4 Nc6 25. Ng5 Ref8 26. Nxf7 Rxf7 27. Rd1 Qf8 28. Qd3 Qe8 29. c3 Qe6 30. a4 h5 31. Rh1 Kf8 32. b4 cxb4 33. cxb4 Ne7 34. Qd4 Nxd5 35. Qxd5 Qxd5 36. exd5 Rf5 37. Rc1 Rxd5 38. Rc7 a5 39. Rxb7 axb4 40. Rxb4 Rd2+ 1/2-1/2

[Event "Elista-B"]
[Site "Elista"]
[Date "2009.01.05"]
[Round "4"]
[White "Shadura, Aleksandr"]
[Black "Papuev, Victor"]
[Result "1/2-1/2"]
[WhiteElo "1849"]
[BlackElo "1788"]
[PlyCount "56"]
[EventDate "2009.01.03"]
[EventType "tourn"]
[EventRounds "10"]
[EventCountry "RUS"]
[SourceTitle "EXT 2010"]
[Source "ChessBase"]
[SourceDate "2010.11.25"]
[SourceVersion "1"]
[SourceVersionDate "2010.11.25"]
[SourceQuality "1"]

1. e4 c6 2. d4 d5 3. Nd2 dxe4 4. Nxe4 Bf5 5. Ng3 Bg6 6. Nf3 e6 7. h4 h6 8. h5 Bh7 9. Bd3 Bxd3 10. Qxd3 Nf6 11. Bd2 Nbd7 12. c4 Qb6 13. Bc3 Be7 14. 0-0-0 0-0-0 15. Qe2 Bb4 16. Bxb4 Qxb4 17. Ne5 Rhf8 18. Kb1 Kb8 19. Rd3 Ka8 20. Rb3 Qd6 21. c5 Qc7 22. Nc4 Nd5 23. Ne4 b5 24. cxb6 N7xb6 25. Na5 Rc8 26. Rc1 Ne7 27. Qa6 Rfd8 28. Ra3 Rb8 1/2-1/2

[Event "Elista Elo-A"]
[Site "Elista"]
[Date "2008.01.04"]
[Round "2"]
[White "Shadura, Aleksandr"]
[Black "Chan, Naruna"]
[Result "1-0"]
[WhiteElo "1785"]
[BlackElo "1749"]
[PlyCount "53"]
[EventDate "2008.01.03"]
[EventType "tourn"]
[EventRounds "11"]
[EventCountry "RUS"]
[SourceTitle "EXT 2010"]
[Source "ChessBase"]
[SourceDate "2010.11.25"]
[SourceVersion "1"]
[SourceVersionDate "2010.11.25"]
[SourceQuality "1"]

1. e4 e5 2. Nf3 Nc6 3. Bb5 a6 4. Ba4 Nf6 5. 0-0 b5 6. Bb3 d6 7. Re1 Be7 8. c3 0-0 9. h3 Na5 10. Bc2 c5 11. d4 Nd7 12. Nbd2 Re8 13. Nf1 Bf8 14. d5 h6 15. Ne3 g6 16. b4 Nb7 17. a4 bxa4 18. Rxa4 Nb6 19. Ra2 a5 20. Bd2 Bd7 21. Qa1 axb4 22. cxb4 Qf6 23. Ra7 Reb8 24. Qa6 Nd8 25. Rxa8 Nxa8 26. Qa7 Rb7 27. Qxa8 1-0